[Event "Manaus op"]
[Site "Manaus"]
[Date "2024.10.13"]
[Round "4"]
[White "Lopes, Marcia Maria Dias"]
[Black "Pessoa, Hudson Anselmo"]
[Result "0-1"]
[WhiteElo "1579"]
[BlackElo "1859"]
[PlyCount "72"]
[EventDate "2024.10.11"]
[EventType "swiss"]
[EventRounds "9"]
[EventCountry "BRA"]
[SourceTitle "CB43_2024"]
[Source "Chessbase"]
[SourceDate "2024.10.23"]
[SourceVersion "1"]
[SourceVersionDate "2024.10.23"]
[SourceQuality "1"]

1. d4 Nf6 2. Bf4 e6 3. Nf3 d5 4. e3 Bd6 5. Bg3 0-0 6. Bd3 c5 7. c3 Nc6 8. 0-0 Qe7 9. Nbd2 Bd7 10. Ne5 Rad8 11. Ndf3 Ne4 12. Nxd7 Rxd7 13. Bxd6 Qxd6 14. Ne5 Nxe5 15. dxe5 Qxe5 16. Qc2 f5 17. f4 Qd6 18. Rad1 Nf6 19. Bc4 Qb6 20. Bd3 c4 21. Be2 Qxe3+ 22. Kh1 Rfd8 23. Rf3 Qb6 24. Rb1 Ng4 25. Bf1 Qc5 26. Qe2 Qe7 27. g3 Nf6 28. Bh3 Ne4 29. Re3 b5 30. Rg1 d4 31. Rxe4 fxe4 32. Qxe4 dxc3 33. Bxe6+ Kh8 34. Re1 Rd1 35. f5 c2 36. Qxc2 Rxe1+ 0-1

[Event "Manaus op 2nd"]
[Site "Manaus"]
[Date "2023.10.14"]
[Round "5"]
[White "Pessoa, Hudson Anselmo"]
[Black "Soares, Edson Arantes Guima"]
[Result "1-0"]
[WhiteElo "1793"]
[BlackElo "1856"]
[PlyCount "71"]
[EventDate "2023.10.11"]
[EventType "swiss"]
[EventRounds "9"]
[EventCountry "BRA"]
[SourceTitle "CBM 216 Extra"]
[Source "ChessBase"]
[SourceDate "2023.11.30"]
[SourceVersion "1"]
[SourceVersionDate "2023.11.30"]
[SourceQuality "1"]

1. d4 d5 2. c4 c6 3. Nf3 Nf6 4. Qc2 e6 5. g3 dxc4 6. Qxc4 b5 7. Qc2 Bd6 8. Bg2 0-0 9. 0-0 Bb7 10. Nc3 Na6 11. a3 b4 12. Ne4 Nxe4 13. Qxe4 h6 14. g4 Qe7 15. g5 h5 16. Ne5 Bxe5 17. Qxe5 g6 18. Bf4 f6 19. gxf6 Qxf6 20. Qxf6 Rxf6 21. Be5 Rf7 22. Be4 Kh7 23. h4 c5 24. Bxb7 Rxb7 25. e3 cxd4 26. exd4 bxa3 27. bxa3 Rd8 28. Rab1 Rbd7 29. Rfc1 Nb8 30. Bxb8 Rxd4 31. Rc7+ R8d7 32. Rxd7+ Rxd7 33. Be5 Kg8 34. Rb8+ Kf7 35. Rh8 Rd5 36. Rh7+ 1-0

[Event "Manaus Amazonas Cup"]
[Site "Manaus"]
[Date "2022.08.04"]
[Round "10"]
[White "Mesquita, Eduardo Barbosa"]
[Black "Pessoa, Hudson Anselmo"]
[Result "1-0"]
[WhiteElo "1681"]
[BlackElo "1860"]
[PlyCount "57"]
[EventDate "2022.07.06"]
[EventType "tourn"]
[EventRounds "11"]
[EventCountry "BRA"]
[SourceTitle "EXT 2023"]
[Source "ChessBase"]
[SourceDate "2022.10.05"]
[SourceVersion "1"]
[SourceVersionDate "2022.10.05"]
[SourceQuality "1"]

1. e4 e5 2. f4 exf4 3. Nf3 d5 4. exd5 Qxd5 5. Nc3 Qd8 6. Bc4 Nf6 7. 0-0 Be7 8. d4 0-0 9. Bxf4 Nc6 10. d5 Na5 11. Bd3 b6 12. a3 Nb7 13. Ne5 Bd7 14. Bg5 h6 15. Rxf6 Bxf6 16. Bxf6 gxf6 17. Nxd7 Qxd7 18. Ne4 Qf5 19. Qd2 Kg7 20. Rf1 Qe5 21. Rxf6 Rh8 22. Qf2 Raf8 23. Rf5 f6 24. Rxe5 fxe5 25. Qg3+ Kf7 26. Qxe5 Nd6 27. Nxd6+ cxd6 28. Qe6+ Kg7 29. Qg6# 1-0

[Event "BRA-ch 85th sf Reg2"]
[Site "Manaus"]
[Date "2018.11.01"]
[Round "1"]
[White "Santiago, Bruno Majorico Frei"]
[Black "Pessoa, Hudson Anselmo"]
[Result "1-0"]
[WhiteElo "2152"]
[BlackElo "1876"]
[PlyCount "65"]
[EventDate "2018.11.01"]
[EventType "swiss"]
[EventRounds "7"]
[EventCountry "BRA"]
[SourceTitle "CBM 189 Extra"]
[Source "ChessBase"]
[SourceDate "2019.05.31"]
[SourceVersion "1"]
[SourceVersionDate "2019.05.31"]
[SourceQuality "1"]

1. e4 c5 2. Nf3 g6 3. Nc3 Bg7 4. d4 cxd4 5. Nxd4 Nc6 6. Be3 Nf6 7. f3 a6 8. Qd2 d6 9. 0-0-0 Bd7 10. g4 Rc8 11. h4 h6 12. Kb1 Qa5 13. Nb3 Qc7 14. Be2 Ne5 15. g5 hxg5 16. hxg5 Nh5 17. Nd5 Qb8 18. Bd4 Kf8 19. Nb6 Rc7 20. f4 Nc6 21. Bxg7+ Kxg7 22. Rdg1 Be8 23. Bg4 Nd8 24. Qd4+ Kg8 25. Nd5 Ne6 26. Qe3 Qd8 27. f5 Neg7 28. f6 exf6 29. gxf6 Nxf6 30. Qg5 Rxh1 31. Rxh1 Ngh5 32. Rxh5 Rc8 33. Bxc8 1-0

[Event "Manauara Benchimol Memorial"]
[Site "Manauara"]
[Date "2016.07.31"]
[Round "5"]
[White "Da Paz, Leonardo Gadelha"]
[Black "Pessoa, Hudson Anselmo"]
[Result "0-1"]
[WhiteElo "2028"]
[BlackElo "1807"]
[PlyCount "138"]
[EventDate "2016.07.28"]
[EventType "swiss"]
[EventRounds "6"]
[EventCountry "BRA"]
[SourceTitle "CBM 173 Extra"]
[Source "ChessBase"]
[SourceDate "2016.08.29"]
[SourceVersion "1"]
[SourceVersionDate "2016.08.29"]
[SourceQuality "1"]

1. d4 Nf6 2. Nf3 g6 3. Bg5 Bg7 4. Nbd2 d6 5. e3 0-0 6. Bd3 h6 7. Bh4 Nc6 8. c4 e5 9. d5 Ne7 10. Qc2 Nf5 11. Bg3 c6 12. e4 Ne7 13. h3 Nh5 14. Bh2 Nf4 15. Bxf4 exf4 16. 0-0 c5 17. Rab1 f5 18. b4 b6 19. bxc5 dxc5 20. exf5 Bxf5 21. Rfe1 Qd7 22. Kh2 Rae8 23. Nh4 Bxd3 24. Qxd3 g5 25. Ng6 Nxg6 26. Qxg6 Qf7 27. Qd3 Bd4 28. Qf3 Rxe1 29. Rxe1 Re8 30. Ne4 Qg6 31. Qd3 Kg7 32. f3 h5 33. d6 g4 34. a4 g3+ 35. Kh1 Qxd6 36. Qd2 Qe5 37. Rd1 Re7 38. Qd3 h4 39. Qd2 Re8 40. Qd3 Rd8 41. Qd2 Qc7 42. Qc2 Bf6 43. Kg1 Rxd1+ 44. Qxd1 Qd8 45. Qxd8 Bxd8 46. Kf1 Be7 47. Ke2 Kg6 48. Kd3 Kf5 49. Nc3 a6 50. Nd5 Bd8 51. Nc3 Ke5 52. Ne4 Be7 53. Nd2 Bf6 54. Nb3 Kf5 55. a5 Bd8 56. Nd2 Ke5 57. Ne4 bxa5 58. Kc3 a4 59. Kd3 a3 60. Nc3 Ba5 61. Na2 Bb4 62. Nc1 Be1 63. Nb3 Bf2 64. Nc1 Bd4 65. Na2 Bb2 66. Kc2 Kd4 67. Kb3 Ke3 68. Ka4 Kf2 69. Ka5 Kxg2 0-1

[Event "Manaus Amazonas-ch"]
[Site "Manaus"]
[Date "2015.09.13"]
[Round "2"]
[White "De Oliveira Freitas, Reinier Alex"]
[Black "Pessoa, Hudson Anselmo"]
[Result "1-0"]
[WhiteElo "1871"]
[BlackElo "1801"]
[PlyCount "43"]
[EventDate "2015.09.12"]
[EventType "swiss"]
[EventRounds "7"]
[EventCountry "BRA"]
[SourceTitle "EXT 2016"]
[Source "ChessBase"]
[SourceDate "2015.10.08"]
[SourceVersion "1"]
[SourceVersionDate "2015.10.08"]
[SourceQuality "1"]

1. e4 c5 2. Nf3 g6 3. c3 Bg7 4. d4 cxd4 5. cxd4 d5 6. e5 Bg4 7. Be2 Nc6 8. Nc3 Nh6 9. Bxh6 Bxh6 10. h3 Bxf3 11. Bxf3 e6 12. 0-0 Qb6 13. Bxd5 exd5 14. Nxd5 Qd8 15. Nf6+ Kf8 16. Qb3 Qe7 17. Rad1 Kg7 18. Rfe1 Qb4 19. Qg3 Ne7 20. e6 Nf5 21. Qe5 Qd6 22. Ne8+ 1-0

[Event "Amazonas-ch final"]
[Site "Manaus"]
[Date "2014.09.06"]
[Round "8"]
[White "Farias, Sergio Luiz Cardoso"]
[Black "Pessoa, Hudson Anselmo"]
[Result "1-0"]
[WhiteElo "1581"]
[BlackElo "1881"]
[PlyCount "67"]
[EventDate "2014.08.16"]
[EventType "swiss"]
[EventRounds "9"]
[EventCountry "BRA"]
[SourceTitle "EXT 2018"]
[Source "ChessBase"]
[SourceDate "2017.10.13"]
[SourceVersion "1"]
[SourceVersionDate "2017.10.13"]
[SourceQuality "1"]

1. c4 g6 2. d4 Nf6 3. Nc3 d5 4. Nf3 Bg4 5. Ne5 dxc4 6. Qa4+ Bd7 7. Qxc4 e6 8. Bg5 Be7 9. Bh6 Nc6 10. e3 a6 11. Be2 Bd6 12. Bf4 0-0 13. h4 h5 14. g4 hxg4 15. Bg5 Bxe5 16. dxe5 Nxe5 17. Qf4 Nh5 18. Bxd8 Nxf4 19. exf4 Bc6 20. Rg1 Nd3+ 21. Bxd3 Rfxd8 22. Be2 Bf3 23. Bxf3 gxf3 24. h5 Kg7 25. Ne4 Rd4 26. Ng3 Rxf4 27. hxg6 Rb4 28. Nh5+ Kg8 29. gxf7+ Kxf7 30. Rd1 Rxb2 31. Rd7+ Kf8 32. Rg3 Re2+ 33. Kf1 Re5 34. Nf6 1-0

[Event "Manaus op 1st"]
[Site "Manaus"]
[Date "2014.08.09"]
[Round "2.3"]
[White "Souza Neves, Andrey Marcelo"]
[Black "Pessoa, Hudson Anselmo"]
[Result "1-0"]
[WhiteElo "2134"]
[BlackElo "1881"]
[PlyCount "81"]
[EventDate "2014.08.08"]
[EventType "swiss"]
[EventRounds "4"]
[EventCountry "BRA"]
[SourceTitle "EXT 2022"]
[Source "ChessBase"]
[SourceDate "2021.10.06"]
[SourceVersion "1"]
[SourceVersionDate "2021.10.06"]
[SourceQuality "1"]

1. d4 Nf6 2. Bf4 c5 3. e3 Qb6 4. Nc3 cxd4 5. exd4 Nc6 6. Nf3 d5 7. Nb5 e5 8. dxe5 a6 9. exf6 axb5 10. Qxd5 Be6 11. Qxb5 Qxb5 12. Bxb5 gxf6 13. Nd4 Rc8 14. 0-0 Bc5 15. Nxc6 bxc6 16. Ba6 Rd8 17. Bb7 0-0 18. Bh6 Rfe8 19. Bxc6 Re7 20. Bf3 Ra7 21. a4 Rb8 22. b3 Bf5 23. Rfc1 Bf8 24. Be3 Ra6 25. Be2 Raa8 26. Bb5 Kg7 27. c4 Bb4 28. c5 h5 29. c6 h4 30. Bf4 Rg8 31. c7 Kh7 32. Bc6 Ra5 33. Bb7 Ra7 34. c8Q Bxc8 35. Bxc8 Re7 36. Bf5+ Kh8 37. Rc4 Rge8 38. Be3 Ba5 39. Rxh4+ Kg7 40. Bh6+ Kg8 41. Rg4+ 1-0

[Event "Amazonas-ch sf 2"]
[Site "Manaus"]
[Date "2014.03.29"]
[Round "5.2"]
[White "Pessoa, Hudson Anselmo"]
[Black "Da Paz, Leonardo Gadelha"]
[Result "1/2-1/2"]
[WhiteElo "1898"]
[BlackElo "2005"]
[PlyCount "83"]
[EventDate "2014.03.15"]
[EventType "swiss"]
[EventRounds "5"]
[EventCountry "BRA"]
[SourceTitle "EXT 2022"]
[Source "ChessBase"]
[SourceDate "2021.10.06"]
[SourceVersion "1"]
[SourceVersionDate "2021.10.06"]
[SourceQuality "1"]

1. d4 d5 2. Bg5 Qd6 3. c3 Nf6 4. Nd2 Nc6 5. e3 e5 6. Bb5 exd4 7. exd4 Be7 8. Ngf3 0-0 9. 0-0 Ne4 10. Bxe7 Nxe7 11. Bd3 f5 12. Ne5 Nxd2 13. Qxd2 f4 14. f3 Bf5 15. Rfe1 Bxd3 16. Nxd3 Rae8 17. Re5 Ng6 18. Rxe8 Rxe8 19. Re1 Re6 20. Nc5 Rxe1+ 21. Qxe1 b6 22. Qe6+ Qxe6 23. Nxe6 c6 24. b4 h5 25. Nd8 Ne7 26. Kf2 Kh7 27. g3 fxg3+ 28. hxg3 g5 29. Nf7 Kg6 30. Ne5+ Kf5 31. Ke3 g4 32. fxg4+ hxg4 33. a4 a6 34. Nd7 Nc8 35. a5 bxa5 36. bxa5 Nd6 37. Nc5 Nc4+ 38. Kd3 Nxa5 39. Nxa6 Nb7 40. Nb4 Na5 41. Nc2 Nc4 42. Nb4 1/2-1/2

[Event "Amazonas zt"]
[Site "Manaus"]
[Date "2013.06.16"]
[Round "4"]
[White "Pessoa, Hudson Anselmo"]
[Black "De Oliveira Freitas, Reinier Alex"]
[Result "1/2-1/2"]
[WhiteElo "1898"]
[BlackElo "1862"]
[PlyCount "75"]
[EventDate "2013.06.09"]
[EventType "swiss"]
[EventRounds "6"]
[EventCountry "BRA"]
[SourceTitle "EXT 2014"]
[Source "ChessBase"]
[SourceDate "2013.11.20"]
[SourceVersion "1"]
[SourceVersionDate "2013.11.20"]
[SourceQuality "1"]

1. Nf3 d5 2. c4 Nf6 3. b3 Bg4 4. Bb2 Bxf3 5. exf3 d4 6. f4 c5 7. g3 h5 8. d3 h4 9. Bg2 Qd7 10. Nd2 hxg3 11. hxg3 Rxh1+ 12. Bxh1 Nc6 13. a3 0-0-0 14. Qe2 e6 15. 0-0-0 Bd6 16. Nf3 Na5 17. Qc2 Qc7 18. Kb1 Qb6 19. Ka2 Ng4 20. Rd2 Kb8 21. Ng5 Rd7 22. Ne4 Be7 23. Bf3 Nh6 24. Re2 Qa6 25. Re1 Nc6 26. Kb1 Rc7 27. Rh1 Qb6 28. Bc1 Na5 29. Ka2 Qa6 30. Bd2 Nc6 31. Kb2 Nd8 32. Rh5 f5 33. Ng5 Rc8 34. Qd1 b5 35. Ka2 b4 36. a4 Bf8 37. Qe2 Rc7 38. Rh1 1/2-1/2

[Event "Manaus zt 2.4"]
[Site "Manaus"]
[Date "2013.05.01"]
[Round "6"]
[White "Bidigaray, Marcio"]
[Black "Pessoa, Hudson Anselmo"]
[Result "0-1"]
[WhiteElo "1692"]
[BlackElo "1930"]
[PlyCount "132"]
[EventDate "2013.04.27"]
[EventType "swiss"]
[EventRounds "9"]
[EventCountry "BRA"]
[SourceTitle "CBM 154 Extra"]
[Source "ChessBase"]
[SourceDate "2013.06.25"]
[SourceVersion "2"]
[SourceVersionDate "2013.06.25"]
[SourceQuality "1"]

1. e4 d6 2. d4 Nf6 3. Nc3 g6 4. Nf3 Bg7 5. Bg5 h6 6. Bxf6 exf6 7. Bc4 0-0 8. 0-0 Nc6 9. Nd5 Ne7 10. Nf4 Bg4 11. h3 Bxf3 12. Qxf3 Kh7 13. c3 c6 14. h4 b5 15. Bd3 Rg8 16. Rfe1 Qc7 17. Qg3 a5 18. e5 fxe5 19. dxe5 dxe5 20. Nh3 Rad8 21. Rad1 Rd7 22. Be4 f5 23. Bb1 Rgd8 24. Rxd7 Rxd7 25. Qe3 Qd6 26. Bc2 Qd2 27. Re2 Qxe3 28. fxe3 a4 29. Nf2 e4 30. Nh3 Bf6 31. g3 g5 32. hxg5 hxg5 33. Rf2 Kg7 34. Kf1 c5 35. Ke1 Kg6 36. c4 bxc4 37. Bxa4 Rd3 38. Be8+ Kg7 39. Re2 c3 40. bxc3 Bxc3+ 41. Kf2 Kf6 42. Bb5 Rd8 43. a3 Ra8 44. Rc2 Rxa3 45. Ng1 Rb3 46. Ba4 Rb2 47. Ne2 Rxc2 48. Bxc2 Bb2 49. Bb3 Nc6 50. Ke1 Nb4 51. Kd1 Nd3 52. Kc2 Be5 53. Kd2 Kg6 54. Bc4 Nb4 55. Ke1 Nc6 56. Kd2 Na5 57. Bd5 Kh5 58. Ke1 Kg4 59. Kf2 c4 60. Kg2 c3 61. Ba2 c2 62. Bf7 Nc6 63. Ng1 c1Q 64. Nh3 Qxe3 65. Nf2+ Qxf2+ 66. Kh1 Kxg3 0-1